Animal waste management; គ្រប់គ្រងកាកសំណល់សត្វ (Record no. 10332)

000 -LEADER
fixed length control field 00292nam a22001097a 4500
040 ## - CATALOGING SOURCE
Transcribing agency SK
082 ## - DEWEY DECIMAL CLASSIFICATION NUMBER
Classification number 581
100 ## - MAIN ENTRY--AUTHOR NAME
Personal name ព្រំ ដន
245 ## - TITLE STATEMENT
Title Animal waste management; គ្រប់គ្រងកាកសំណល់សត្វ
260 ## - PUBLICATION, DISTRIBUTION, ETC. (IMPRINT)
Place of publication RUA
Name of publisher ព្រំ
Year of publication NA
942 ## - ADDED ENTRY ELEMENTS (KOHA)
Koha item type សៀវភៅភាសាអង់គ្លេស
952 ## - LOCATION AND ITEM INFORMATION (KOHA)
Withdrawn status [LOCAL, KOHA] 0
Holdings
Permanent Location Date acquired Koha item type Lost status Shelving location Barcode Current Location Full call number
Library Block C2016-10-17សៀវភៅភាសាអង់គ្លេស C173RUA40863Library Block C581 ព្រំ NA C173
មជ្ឈមណ្ឌលឯការនៃសាកលវិទ្យាល័យភូមិន្ទកសិកម្មចំការដូង

Powered by Koha